La ciencia de enseñar ciencias : desarrollo cognoscitivo y exigencias del currículo.

Uloženo v:
Podrobná bibliografie
Hlavní autor: Shayer, Michael (autor)
Další autoři: Adey, Philip (autor) (autor)
Médium: Kniha
Jazyk:španělština
Témata:
Tagy: Přidat tag
Žádné tagy, Buďte první, kdo vytvoří štítek k tomuto záznamu!

MARC

LEADER 00000cam^a2200000uu^4500
001 000469630
005 20250521000000.0
008 050901s1986^^^^^^^^^^^^rd^r^^000^0^spa^d
009 20260310124541.39
022 |a 8427706553 
035 |a FCE 000012386 
035 |a FCE 010364 
037 |a Acervo ITESO - Biblioteca 
041 |a spa 
082 0 4 |a 372.35  |b SHAc 
100 |a Shayer, Michael  |e (autor) 
245 1 3 |a La ciencia de enseñar ciencias :  |b desarrollo cognoscitivo y exigencias del currículo. 
264 |a Madrid :  |b Narcea,  |c 1986. 
300 |a 191 p. 
336 |a texto  |b txt  |2 rdacontenido 
337 |a sin mediación  |b n  |2 rdamedio 
338 |a volumen  |b nc  |2 rdasoporte 
649 |a XX 
650 |a Teoría 
650 |a Educación básica 
650 |a Currículo 
650 |a Ciencia 
650 |a Desarrollo Cognoscitivo 
650 |a Enseñanza de la ciencia 
650 |a Educación secundaria 
700 |a Adey, Philip  |e (autor) 
910 |a Fondo Centro de Estudios Educativos 
920 |a Impresos - Libros 
930 |a Fondos Especiales 
905 |a 133 
901 |a ALE010364  |b IT2  |c CEE  |u 20250521 
902 |a https://opac.biblio.iteso.mx/vufind/Record/000469630